Rembrandt: autorretratos
Збережено в:
| Автор: | |
|---|---|
| Формат: | Книга |
| Мова: | Іспанська |
| Опубліковано: |
Barcelona
Gustavo Gili S. A
1963
|
| Редагування: | 1a. ed |
| Серія: | Colección Minia, 47
|
| Предмети: | |
| Теги: |
Додати тег
Немає тегів, Будьте першим, хто поставить тег для цього запису!
|
MARC
| LEADER | 00000cam a2200000 a 4500 | ||
|---|---|---|---|
| 001 | UCE2101 | ||
| 003 | CL-VaPUC | ||
| 008 | 140605e19630000sp |||||||||||||||||spa|d | ||
| 082 | 0 | 4 | |a 759.04 |b GEN |2 21 |
| 100 | |a Genaille, Robert |e author |9 574572 | ||
| 245 | 1 | 0 | |a Rembrandt: autorretratos |
| 250 | |a 1a. ed | ||
| 300 | |a pág. irreg | ||
| 942 | |c BK | ||
| 945 | |d 20140605 14:22:00 |a dcastane | ||
| 260 | |a Barcelona |b Gustavo Gili S. A |c 1963 | ||
| 600 | 0 | |a Rembrandt, Harmenszoon van Rijn |9 331539 | |
| 650 | 7 | |a PINTORES HOLANDESES |2 CL-VaPUC |9 574573 | |
| 650 | 0 | |a Pintura holandesa |9 267860 | |
| 650 | 0 | |a Biografías |9 255210 | |
| 650 | 0 | |a Autorretratos |9 557764 | |
| 583 | |a last modification |c 20140605 14:22:00 |k Rodrigo Vera | ||
| 490 | 0 | |a Colección Minia, 47 | |
| 999 | |c 355768 |d 355766 | ||
| 952 | |0 0 |1 0 |3 erb |4 0 |6 759_040000000000000_GEN_1963 |7 0 |8 A |9 462626 |a BIBART |b BIBART |i 5056101 |o 759.04 GEN 1963 |p 5056101 |r 2025-03-13 |w 2019-11-23 |y BK |z Catalogado en:20140605 |k ART | ||